000 00365nam a2200145Ia 4500
008 230917s9999||||xx |||||||||||||| ||und||
040 _e107838
_aMAIN
041 _aEnglish
082 _a6580.409 I2M
100 _aICFAI
245 0 _aManagerical effectiveness concepts and cases Vol. ii
260 _aHyderabad
_bICFAI
_c2004
300 _a205p p.
942 _cBK
999 _c122964
_d122964